Prameny studánky pedagogické praxe : pedagogika, psychologie a psychoanalýza místy s humorem /

Hlavní autor: Vráblík, Vlastimil
Jazyk: Čeština
Vydáno: Uherský Brod : ELTISK, 2015
Vydání: Vyd. 2.
Edice: Edice pro podporu poznání v oblasti humánních věd
Témata:
Fyzický popis: 122 s. ; 21 cm
Knihy
Uloženo v:
LEADER 01696nam a2200457 a 4500
001 nkc20152683260
003 CZ PrNK
005 20150416092028.0
007 ta
008 150311s2015 xr e 000 0 cze
015 |a cnb002683260 
020 |a 978-80-904705-3-8  |q (brož.) :  |c Kč 142,00 
035 |a (OCoLC)907532074 
040 |a OLA001  |b cze 
072 7 |a 37  |x Výchova a vzdělávání  |2 Konspekt  |9 22 
080 |a 37.015.3  |2 MRF 
080 |a 37.01  |2 MRF 
080 |a 159.96  |2 MRF 
080 |a 37.091.12-027.22  |2 MRF 
080 |a (049)  |2 MRF 
100 1 |a Vráblík, Vlastimil  |7 ola2015863927  |4 aut 
245 1 0 |a Prameny studánky pedagogické praxe :  |b pedagogika, psychologie a psychoanalýza místy s humorem /  |c Vlastimil Vráblík 
246 3 0 |a Pedagogika, psychologie a psychoanalýza místy s humorem 
250 |a Vyd. 2. 
260 |a Uherský Brod :  |b ELTISK,  |c 2015 
300 |a 122 s. ;  |c 21 cm 
490 1 |a Edice pro podporu poznání v oblasti humánních věd. 1. řada 
650 0 7 |a pedagogická psychologie  |7 ph124012  |2 czenas 
650 0 7 |a pedagogika  |7 ph115703  |x psychoanalytické aspekty  |2 czenas 
650 0 7 |a pedagogická praxe  |7 ph124011  |2 czenas 
650 0 9 |a educational psychology  |2 eczenas 
650 0 9 |a educational science  |x psychoanalytical aspects  |2 eczenas 
650 0 9 |a practice teaching  |2 eczenas 
655 7 |a pojednání  |7 fd133056  |2 czenas 
655 9 |a essays  |2 eczenas 
830 0 |a Edice pro podporu poznání v oblasti humánních věd  |0 s 
910 2 |a BOA001  |b 2-1345.007 
990 |a BK 
995 |a 01 
991 |b 201504  |c NOV  |e n 
996 6 |b 2610627445  |c 2-1345.007  |l MZK  |r Sklad / do 1 hodiny  |n 1  |p p.v.  |w 001497736  |u 000010  |a 1  |e BOA001  |j MZK50  |s P